[Event "Olexuv memorial 2017"]
[Site "?"]
[Date "2017.12.28"]
[Round "3.9"]
[White "Koci, Milos"]
[Black "Divis, Jan"]
[Result "0-1"]
[WhiteElo "1308"]
[BlackElo "1554"]
[PlyCount "114"]
[EventDate "2017.??.??"]
[SourceDate "2017.12.28"]

1. d4 Nf6 2. Nf3 d5 3. Bf4 Nbd7 4. e3 c6 5. Be2 Qb6 6. b3 Nh5 7. Bg3 Nxg3 8.
hxg3 Nf6 9. Nbd2 g6 10. O-O Bg7 11. c4 e6 12. Bd3 Qc7 13. Qc2 Ng4 14. Rac1 Qd8
15. cxd5 exd5 16. b4 a6 17. a3 O-O 18. Rfe1 f5 19. Nh2 Nxh2 20. Kxh2 h5 21. Rh1
Be6 22. Kg1 Qe7 23. Ra1 Bf6 24. Nb3 Kg7 25. f4 Bd7 26. Qe2 Rfe8 27. Kf2 Bc8 28.
Rae1 h4 29. Kf3 hxg3 30. Rh3 Be6 31. Reh1 Rh8 32. Qe1 Rxh3 33. Rxh3 Rh8 34.
Rxh8 Kxh8 35. Qxg3 Kg7 36. Ke2 Bc8 37. Qf3 b6 38. g3 Qe8 39. Qf1 Qh8 40. Qg2
Qh5+ 41. Qf3 Qh2+ 42. Qf2 Qh5+ 43. Qf3 Qh8 44. Kf2 Qf8 45. Qd1 Bd8 46. Qb1 Bb7
47. Kg2 Be7 48. Qa1 Kf6 49. Qa2 g5 50. Qe2 g4 51. Qc2 Bc8 52. Qc1 Qh6 53. Qh1
Qxh1+ 54. Kxh1 Kg6 55. Kg2 Bd8 56. a4 Be7 57. Kf2 Bxb4 0-1

[Event "Olexuv memorial 2017"]
[Site "?"]
[Date "2017.12.28"]
[Round "4.2"]
[White "Effenberger, Adam"]
[Black "Micka, Norbert"]
[Result "1/2-1/2"]
[WhiteElo "1801"]
[BlackElo "1808"]
[PlyCount "55"]
[EventDate "2017.??.??"]
[SourceDate "2017.12.28"]

1. d4 Nf6 2. Nf3 g6 3. c4 Bg7 4. g3 c6 5. Bg2 d5 6. cxd5 cxd5 7. O-O O-O 8. Ne5
Ne4 9. f3 Nd6 10. Nc3 e6 11. e4 dxe4 12. fxe4 Qb6 13. Kh1 Nc6 14. Nxc6 bxc6 15.
d5 cxd5 16. exd5 e5 17. Ne4 Nxe4 18. Bxe4 f5 19. Bc2 Bb7 20. Bb3 Kh8 21. Bg5 a5
22. Qd2 a4 23. Bc4 Qd6 24. Rad1 Bf6 25. Bxf6+ Rxf6 26. Rf3 e4 27. Ra3 Rff8 28.
Qc3+ 1/2-1/2

[Event "Olexuv memorial 2017"]
[Site "?"]
[Date "2017.12.28"]
[Round "4.3"]
[White "Spodny, Josef"]
[Black "Hurta, Miroslav"]
[Result "1/2-1/2"]
[WhiteElo "1871"]
[BlackElo "1832"]
[PlyCount "41"]
[EventDate "2017.??.??"]
[SourceDate "2017.12.28"]

1. d4 d5 2. Nf3 e6 3. e3 c5 4. c3 Nf6 5. Bd3 Bd6 6. O-O O-O 7. Nbd2 Nc6 8. dxc5
Bxc5 9. e4 dxe4 10. Nxe4 Be7 11. Qc2 h6 12. Nxf6+ Bxf6 13. Be3 Qc7 14. Rad1 b6
15. Be4 Ba6 16. Rfe1 Rad8 17. Rxd8 Rxd8 18. Rd1 Rxd1+ 19. Qxd1 Ne5 20. Nxe5
Qxe5 21. Bf3 1/2-1/2

[Event "Olexuv memorial 2017"]
[Site "?"]
[Date "2017.12.28"]
[Round "4.5"]
[White "Divis, Jan"]
[Black "Snorek, Milan"]
[Result "0-1"]
[WhiteElo "1554"]
[BlackElo "1999"]
[PlyCount "94"]
[EventDate "2017.??.??"]
[SourceDate "2017.12.28"]

1. d4 Nf6 2. Bf4 d5 3. e3 e6 4. Nd2 c5 5. c3 Nc6 6. Ngf3 Bd6 7. Bg3 O-O 8. Bxd6
Qxd6 9. Be2 b6 10. O-O Bb7 11. Re1 Rfd8 12. Qc2 Rac8 13. a3 h6 14. Rac1 a6 15.
Qb1 e5 16. dxe5 Nxe5 17. Nxe5 Qxe5 18. Bf3 g5 19. h3 h5 20. g4 hxg4 21. hxg4
Ne4 22. Bxe4 dxe4 23. Nf1 Kg7 24. Rcd1 Qe6 25. Rxd8 Qxg4+ 26. Ng3 Rxd8 27. Kf1
Qf3 28. Qc2 Rh8 29. Qd1 Bc8 30. Qxf3 exf3 31. Kg1 Rd8 32. Nf1 Bh3 33. Kh2 Bxf1
34. Rxf1 Rd2 35. Kg3 Rxb2 36. Kxf3 Rb3 37. Rg1 Kg6 38. Rd1 Kf5 39. Rd5+ Ke6 40.
Rxg5 Rxc3 41. a4 Rc4 42. Rg4 Rxg4 43. Kxg4 b5 44. axb5 a5 45. b6 Kd7 46. Kf5 a4
47. b7 Kc7 0-1

[Event "Olexuv memorial 2017"]
[Site "?"]
[Date "2017.12.28"]
[Round "4.6"]
[White "Borovicka, Bohumil"]
[Black "Neduchal, Jiri"]
[Result "1-0"]
[WhiteElo "1875"]
[BlackElo "1772"]
[PlyCount "65"]
[EventDate "2017.??.??"]
[SourceDate "2017.12.28"]

1. e4 c6 2. d4 d5 3. exd5 cxd5 4. Nf3 Bg4 5. h3 Bh5 6. Be2 e6 7. c3 Nc6 8. O-O
Qc7 9. Re1 Nf6 10. Bg5 Ne4 11. Nbd2 Nxg5 12. Nxg5 Bxe2 13. Qxe2 Qe7 14. f4 h6
15. Ngf3 O-O-O 16. Ne5 Qc7 17. b4 Bd6 18. Nb3 Kb8 19. Nc5 Bxc5 20. bxc5 Nxe5
21. fxe5 Qc6 22. a4 Kc7 23. a5 Rb8 24. Rf1 Rhf8 25. Rf2 b5 26. axb6+ axb6 27.
Qf1 Qd7 28. Ra7+ Rb7 29. cxb6+ Kb8 30. Rfa2 Rxa7 31. Rxa7 Qc6 32. Qa6 g6 33.
Qa5 1-0

[Event "Olexuv memorial 2017"]
[Site "?"]
[Date "2017.12.28"]
[Round "4.7"]
[White "Vavrousek, Petr"]
[Black "Hrdlicka, Vladan"]
[Result "0-1"]
[WhiteElo "1705"]
[BlackElo "1834"]
[PlyCount "68"]
[EventDate "2017.??.??"]
[SourceDate "2017.12.28"]

1. e4 c5 2. Nf3 e6 3. d4 cxd4 4. Nxd4 a6 5. c4 Qc7 6. Nc3 Nf6 7. Be2 Bb4 8. Qd3
b6 9. O-O Bb7 10. f3 O-O 11. Kh1 Nc6 12. Nxc6 dxc6 13. Bg5 Be7 14. f4 e5 15.
fxe5 Qxe5 16. Rf5 Qe6 17. e5 Rad8 18. Qf3 Nd7 19. Bxe7 Qxe7 20. Qg3 Nc5 21. b4
Ne6 22. a3 Rd2 23. Rd1 Rxd1+ 24. Bxd1 Rd8 25. Rf1 c5 26. b5 Rd4 27. bxa6 Bxa6
28. Nd5 Rxd5 29. cxd5 Bxf1 30. dxe6 fxe6 31. Qf3 Qf8 32. Bb3 c4 33. Bc2 Qxf3
34. gxf3 Bd3 0-1

[Event "Olexuv memorial 2017"]
[Site "?"]
[Date "2017.12.28"]
[Round "4.8"]
[White "Doskar, Miloslav"]
[Black "Hala, Pavel"]
[Result "1/2-1/2"]
[WhiteElo "1637"]
[BlackElo "1588"]
[PlyCount "45"]
[EventDate "2017.??.??"]
[SourceDate "2017.12.28"]

1. d4 d6 2. c4 c6 3. Nf3 g6 4. Nc3 Bg7 5. e4 e6 6. Be2 h6 7. Qc2 Ne7 8. Be3 Nd7
9. O-O-O Qa5 10. Kb1 a6 11. Bf4 e5 12. dxe5 dxe5 13. Bd2 Qc7 14. g4 Nc5 15. g5
h5 16. Be3 Ne6 17. Rd2 O-O 18. Rhd1 Rd8 19. Qb3 b5 20. Rxd8+ Nxd8 21. Bc5 Be6
22. Bd6 Qa7 23. a3 1/2-1/2

[Event "Olexuv memorial 2017"]
[Site "?"]
[Date "2017.12.28"]
[Round "4.9"]
[White "Broz, Jan"]
[Black "Zikan, Karel"]
[Result "0-1"]
[WhiteElo "1267"]
[BlackElo "1715"]
[PlyCount "118"]
[EventDate "2017.??.??"]

1. e4 c6 2. d4 d5 3. exd5 cxd5 4. c4 Nf6 5. Nc3 Nc6 6. Bg5 e6 7. c5 Be7 8. Nf3
Ne4 9. Nxe4 dxe4 10. Bxe7 Kxe7 11. Ne5 Qa5+ 12. Qd2 Qxd2+ 13. Kxd2 Nxd4 14. Kc3
Nc6 15. Nxc6+ bxc6 16. Rd1 Rd8 17. Rxd8 Kxd8 18. Be2 Ke7 19. Kd4 f5 20. Ke5 a5
21. Bc4 Rb8 22. b3 a4 23. Rd1 axb3 24. axb3 Ra8 25. Rd6 Ra2 26. Rxc6 Bd7 27.
Rc7 Kd8 28. Rb7 Rxf2 29. c6 Bxc6 30. Rxg7 Bd7 31. Kd4 h5 32. Ke3 Rb2 33. h3 h4
34. Rg6 Ke7 35. Rg7+ Kd6 36. g4 hxg3 37. Rxg3 Ke5 38. Rg5 Rc2 39. h4 Rc3+ 40.
Kf2 Kf4 41. Rg2 Rc2+ 42. Kf1 Rxg2 43. Kxg2 e5 44. Kf2 Kg4 45. Ke3 Kxh4 46. Bd5
Bb5 47. Bxe4 Kg5 48. Bc2 Bc6 49. b4 f4+ 50. Kf2 e4 51. Bd1 e3+ 52. Ke2 Kf5 53.
Bc2+ Ke5 54. Bd3 Kd4 55. b5 f3+ 56. Ke1 Bb7 57. Bb1 Bd5 58. Bc2 Bc4 59. Bd1 f2#
0-1

[Event "Olexuv memorial 2017"]
[Site "?"]
[Date "2017.12.29"]
[Round "4.1"]
[White "Hajek, Oskar"]
[Black "Marsa, Alexandr"]
[Result "1-0"]
[WhiteElo "2110"]
[BlackElo "1904"]
[PlyCount "96"]
[EventDate "2017.??.??"]
[SourceDate "2017.12.29"]

1. e4 e6 2. d4 d5 3. Nd2 Be7 4. e5 c5 5. Qg4 g6 6. dxc5 Nd7 7. Ngf3 Qc7 8. Nb3
Nxc5 9. Bb5+ Bd7 10. Bxd7+ Nxd7 11. O-O h5 12. Qg3 h4 13. Qg4 Nh6 14. Bxh6 Rxh6
15. Qf4 Rh5 16. Rfe1 a6 17. Nbd4 Qb6 18. Rac1 Rc8 19. b3 Ba3 20. Rcd1 Bb4 21.
Re2 Bc3 22. h3 Nc5 23. Ng5 Qc7 24. Ndf3 Qe7 25. g4 hxg3 26. fxg3 Nd7 27. h4 Nf8
28. Rf1 Rc7 29. Nh2 Nh7 30. Nxh7 Rxh7 31. Ng4 Kf8 32. Nf6 Rh8 33. Rh2 Qc5+ 34.
Kh1 Qd4 35. Re2 Qxf4 36. Rxf4 Kg7 37. Kg2 Rhc8 38. Ng4 Ba5 39. Ref2 Bb6 40.
R2f3 Rxc2+ 41. Kh3 R8c7 42. Nf6 Re7 43. h5 gxh5 44. Nxh5+ Kh6 45. Nf6 Bg1 46.
Rf1 Rh2+ 47. Kg4 Bc5 48. Ng8+ Kg7 1-0

[Event "Olexuv memorial 2017"]
[Site "?"]
[Date "2017.12.29"]
[Round "4.4"]
[White "Wunsch, Radek"]
[Black "Nisztuk, Michal"]
[Result "1-0"]
[WhiteElo "1815"]
[BlackElo "1667"]
[PlyCount "105"]
[EventDate "2017.??.??"]
[SourceDate "2017.12.29"]

1. e4 e5 2. Nf3 Nc6 3. Bb5 Nf6 4. d3 Bc5 5. Bxc6 dxc6 6. Nbd2 Bg4 7. Nf1 O-O 8.
Ng3 h5 9. Bg5 Qd6 10. h3 Bxf3 11. Qxf3 Nh7 12. Qxh5 g6 13. Qg4 Qd4 14. O-O-O
Qxf2 15. Rd2 Qd4 16. Bh6 Rfe8 17. Nf5 Qd8 18. h4 Nf6 19. Qg3 Nh5 20. Qf3 Kh7
21. Bg5 Qd7 22. g4 Nf4 23. Ng3 Ne6 24. Bf6 Nd4 25. Qf1 Qxg4 26. h5 g5 27. Bxe5
Qf3 28. Bxd4 Qxf1+ 29. Rxf1 Bxd4 30. Rxf7+ Kg8 31. Rf5 Be3 32. Kd1 Bxd2 33.
Kxd2 Kh8 34. Rf7 Rac8 35. Nf5 Rf8 36. Rd7 Rfd8 37. Rg7 Rg8 38. Rf7 g4 39. Ke2
Rg5 40. h6 Re8 41. Kf2 Rc8 42. Kg3 Kg8 43. Rd7 Kh8 44. Rg7 Rg8 45. Rxc7 Rh5 46.
Rg7 Rxg7 47. hxg7+ Kh7 48. Kxg4 Rh2 49. Kg5 Rg2+ 50. Kf6 Rg6+ 51. Kf7 Rg5 52.
Ke6 Kg8 53. Kf6 1-0

[Event "Olexuv memorial 2017"]
[Site "?"]
[Date "2017.12.29"]
[Round "5.3"]
[White "Snorek, Milan"]
[Black "Spodny, Josef"]
[Result "1/2-1/2"]
[WhiteElo "1999"]
[BlackElo "1871"]
[PlyCount "56"]
[EventDate "2017.??.??"]
[SourceDate "2017.12.29"]

1. d4 Nf6 2. c4 e6 3. g3 Bb4+ 4. Nd2 c5 5. a3 Bxd2+ 6. Qxd2 cxd4 7. Nf3 b6 8.
Bg2 Bb7 9. O-O O-O 10. b4 Qc7 11. Qxd4 Nc6 12. Qh4 Ne7 13. Bb2 Ng6 14. Qd4 Rac8
15. Rac1 d6 16. Rfd1 Rfd8 17. h3 Bxf3 18. Bxf3 Ne5 19. Qf4 Nxf3+ 20. Qxf3 Qc6
21. Qxc6 Rxc6 22. c5 bxc5 23. Rxc5 Rxc5 24. bxc5 d5 25. Bd4 Rc8 26. Rb1 h6 27.
Rc1 Rc6 28. f3 Nd7 1/2-1/2

[Event "Olexuv memorial 2017"]
[Site "?"]
[Date "2017.12.29"]
[Round "5.4"]
[White "Hrdlicka, Vladan"]
[Black "Borovicka, Bohumil"]
[Result "0-1"]
[WhiteElo "1834"]
[BlackElo "1875"]
[PlyCount "78"]
[EventDate "2017.??.??"]
[SourceDate "2017.12.29"]

1. e4 Nf6 2. e5 Nd5 3. d4 d6 4. c4 Nb6 5. Nf3 Bg4 6. c5 dxc5 7. Qb3 cxd4 8. Bc4
e6 9. Bg5 Qd7 10. h3 Bxf3 11. gxf3 c5 12. Bb5 Nc6 13. Nc3 dxc3 14. Rd1 Qc7 15.
O-O cxb2 16. f4 h6 17. Bh4 Be7 18. Bxe7 Qxe7 19. Qg3 g6 20. Kh2 O-O 21. Bd3 Kh8
22. Rg1 Rg8 23. h4 h5 24. Qh3 Nd4 25. Rg5 Rg7 26. Rdg1 Rag8 27. Qe3 Nd5 28. Qe4
Nc3 29. Qg2 b1=Q 30. Bxb1 Nxb1 31. Rxb1 b5 32. Qe4 a5 33. Rbg1 b4 34. Qd3 Qb7
35. R1g3 Nf5 36. Qe2 Nxg3 37. fxg3 Qd5 38. g4 Rd8 39. gxh5 Qd2 0-1

[Event "Olexuv memorial 2017"]
[Site "?"]
[Date "2017.12.29"]
[Round "5.5"]
[White "Marsa, Alexandr"]
[Black "Micka, Norbert"]
[Result "1-0"]
[WhiteElo "1904"]
[BlackElo "1808"]
[PlyCount "58"]
[EventDate "2017.??.??"]
[SourceDate "2017.12.29"]

1. d4 Nf6 2. c4 g6 3. Nc3 d5 4. Bf4 Bg7 5. e3 O-O 6. Qb3 c5 7. cxd5 cxd4 8.
exd4 Nbd7 9. Be2 Nb6 10. Bf3 Bg4 11. Bxg4 Nxg4 12. Nf3 Nf6 13. d6 exd6 14. O-O
d5 15. a4 Nh5 16. Bg5 Qd7 17. Rfe1 f6 18. Be3 Rfd8 19. Ne4 Qf7 20. Nc5 Bf8 21.
a5 Bxc5 22. dxc5 Nc4 23. Bd4 b6 24. axb6 axb6 25. Rxa8 Rxa8 26. cxb6 Nf4 27.
Qb5 Rc8 28. h3 Nd6 29. Qa6 Ne4 1-0

[Event "Olexuv memorial 2017"]
[Site "?"]
[Date "2017.12.29"]
[Round "5.7"]
[White "Zikan, Karel"]
[Black "Divis, Jan"]
[Result "1-0"]
[WhiteElo "1715"]
[BlackElo "1554"]
[PlyCount "118"]
[EventDate "2017.??.??"]

1. Nf3 Nf6 2. c4 c5 3. Nc3 Nc6 4. g3 e6 5. Bg2 d5 6. cxd5 exd5 7. d4 cxd4 8.
Nxd4 Bb4 9. Qd3 O-O 10. O-O Bxc3 11. Qxc3 Nxd4 12. Qxd4 Be6 13. Bg5 h6 14. Bxf6
Qxf6 15. Qxf6 gxf6 16. Rfd1 Rfd8 17. Rd4 Rd7 18. Rad1 Rad8 19. e3 f5 20. a3 b6
21. Bh3 Kg7 22. Rc1 h5 23. Rc6 Rd6 24. Rxd6 Rxd6 25. Bg2 f6 26. Kf1 a5 27. Bf3
Bf7 28. Ke1 Rd8 29. Kd2 Kg6 30. h4 Rd7 31. Rd3 Be6 32. b4 axb4 33. axb4 Ra7 34.
Rc3 Ra2+ 35. Rc2 d4 36. exd4 Ra3 37. Rc3 Ra2+ 38. Ke3 Ra1 39. d5 Bf7 40. d6
Re1+ 41. Kd2 Re8 42. Rc7 Rd8 43. d7 Be6 44. Bc6 Kf7 45. Ke3 Ke7 46. Rb7 Bxd7
47. Kf4 Ke8 48. Bxd7+ Rxd7 49. Rxd7 Kxd7 50. Kxf5 Ke7 51. f3 Kf7 52. g4 hxg4
53. fxg4 Kg7 54. h5 Kf7 55. h6 b5 56. h7 Kg7 57. h8=Q+ Kxh8 58. Kxf6 Kg8 59.
Kg6 Kf8 1-0

[Event "Olexuv memorial 2017"]
[Site "?"]
[Date "2017.12.29"]
[Round "5.8"]
[White "Hala, Pavel"]
[Black "Vavrousek, Petr"]
[Result "0-1"]
[WhiteElo "1589"]
[BlackElo "1705"]
[PlyCount "28"]
[EventDate "2017.??.??"]
[SourceDate "2017.12.29"]

1. c4 c6 2. a3 Nf6 3. e3 d5 4. cxd5 Nxd5 5. d4 e6 6. Nf3 Qa5+ 7. Nfd2 Bd6 8.
Be2 Nd7 9. O-O Qd8 10. g3 O-O 11. Bf3 Re8 12. e4 Be7 13. Nc4 Nc7 14. e5 Nb6 0-1

[Event "Olexuv memorial 2017"]
[Site "?"]
[Date "2017.12.29"]
[Round "5.9"]
[White "Nisztuk, Michal"]
[Black "Brda, Vlastimil"]
[Result "1-0"]
[WhiteElo "1662"]
[BlackElo "1227"]
[PlyCount "147"]
[EventDate "2017.??.??"]
[SourceDate "2017.12.29"]

1. e4 c5 2. Nf3 Nc6 3. c3 e5 4. d4 cxd4 5. cxd4 Bb4+ 6. Nc3 exd4 7. Nxd4 Qb6 8.
Be3 Nxd4 9. Bxd4 Qg6 10. Qf3 Ne7 11. Bd3 O-O 12. O-O Qd6 13. Nb5 Qb8 14. Rac1
Nc6 15. Bc5 Bxc5 16. Rxc5 a6 17. Nc3 Ne5 18. Qg3 d6 19. Ra5 Be6 20. Nd5 Qd8 21.
Ra3 Rc8 22. Bb1 Rc5 23. f4 Nc4 24. Rc3 Nd2 25. Re1 Rxc3 26. Nxc3 Qb6+ 27. Kh1
Nxb1 28. Rxb1 Rc8 29. f5 Bc4 30. f6 g6 31. Qg5 Kf8 32. Qh6+ Ke8 33. Qxh7 Be6
34. Nd5 Qc5 35. h3 Qc2 36. Re1 Qxb2 37. a4 Qf2 38. Rb1 b5 39. a5 Bxd5 40. exd5
Qxf6 41. Qh6 Kd7 42. Qe3 Rc5 43. Re1 Qd8 44. Rf1 Qg8 45. Rf6 Qg7 46. Qf4 Rxd5
47. Rxf7+ Qxf7 48. Qxf7+ Kc6 49. Qa7 Rd1+ 50. Kh2 Ra1 51. Qxa6+ Kc5 52. Qb6+
Kc4 53. Qc6+ Kb4 54. a6 d5 55. Qb6 Kc4 56. Qxg6 Ra2 57. Qc6+ Kb4 58. Qxd5 Rxa6
59. Qd4+ Ka5 60. Qc3+ Kb6 61. h4 Ra4 62. g3 Rc4 63. Qb3 Kc5 64. h5 b4 65. Qe3+
Kb5 66. h6 Rc3 67. Qxc3 bxc3 68. h7 c2 69. h8=Q Kc4 70. Qc8+ Kd3 71. g4 Kd2 72.
g5 c1=Q 73. Qxc1+ Kxc1 74. g6 1-0

[Event "Olexuv memorial 2017"]
[Site "?"]
[Date "2017.12.29"]
[Round "5.10"]
[White "Koci, Milos"]
[Black "Broz, Jan"]
[Result "1/2-1/2"]
[WhiteElo "1308"]
[BlackElo "1267"]
[PlyCount "37"]
[EventDate "2017.??.??"]
[SourceDate "2017.12.29"]

1. d4 d5 2. Nf3 e6 3. e3 c5 4. c3 Nf6 5. Nbd2 Nc6 6. Be2 Bd6 7. O-O O-O 8. Qc2
Qc7 9. e4 cxd4 10. cxd4 dxe4 11. Nxe4 Nxe4 12. Qxe4 Ne7 13. Be3 Bd7 14. Rfc1
Bc6 15. Qh4 Qd7 16. Ne5 Bxe5 17. dxe5 Ng6 18. Qd4 Qxd4 19. Bxd4 1/2-1/2

[Event "Olexuv memorial 2017"]
[Site "?"]
[Date "2017.12.30"]
[Round "5.1"]
[White "Wunsch, Radek"]
[Black "Hajek, Oskar"]
[Result "0-1"]
[WhiteElo "1815"]
[BlackElo "2110"]
[PlyCount "144"]
[EventDate "2017.??.??"]
[SourceDate "2017.12.30"]

1. e4 d6 2. d4 Nf6 3. Nc3 Nbd7 4. Nf3 e5 5. Bc4 Be7 6. O-O O-O 7. a4 a5 8. Re1
c6 9. Bg5 h6 10. Bh4 Qb6 11. Ra3 exd4 12. Rb3 Qd8 13. Qxd4 Nc5 14. Ra3 Ne6 15.
Qd2 Nc7 16. Rb3 Rb8 17. e5 dxe5 18. Qxd8 Bxd8 19. Nxe5 Ra8 20. Rd1 Ne6 21. Bxe6
fxe6 22. f3 g5 23. Bf2 Bc7 24. Nc4 g4 25. Bc5 Rf7 26. fxg4 Nxg4 27. g3 e5 28.
Nd6 Bxd6 29. Rxd6 Bf5 30. Rd2 e4 31. Nd1 Ne5 32. Rf2 Nf3+ 33. Kg2 Be6 34. Re3
Rf5 35. Rxe4 Bd5 36. Rg4+ Ng5+ 37. Kf1 Bf3 38. Rxf3 Rxf3+ 39. Kg2 Rf5 40. Be3
Kh7 41. Bb6 Raf8 42. h4 Nf3 43. Ne3 Ne1+ 44. Kh3 Rf3 45. Nc4 Nxc2 46. Nxa5 R8f7
47. Nc4 Rg7 48. Rxg7+ Kxg7 49. Nd6 Rb3 50. a5 Rxb2 51. Nxb7 Ra2 52. Nc5 Nb4 53.
Kg4 Nd5 54. Kf5 Kf7 55. Ne4 Ra1 56. g4 Nxb6 57. axb6 Ra5+ 58. Kf4 Ke6 59. b7
Rb5 60. g5 hxg5+ 61. hxg5 Rb4 62. g6 Kd5 63. g7 Rxe4+ 64. Kf5 Re8 65. Kf6 Kd6
66. Kf7 Rb8 67. g8=Q Rxg8 68. Kxg8 Kc7 69. Kf7 c5 70. Ke6 c4 71. Ke5 c3 72. Kd4
c2 0-1

[Event "Olexuv memorial 2017"]
[Site "?"]
[Date "2017.12.30"]
[Round "5.2"]
[White "Hurta, Miroslav"]
[Black "Effenberger, Adam"]
[Result "1/2-1/2"]
[WhiteElo "1832"]
[BlackElo "1801"]
[PlyCount "115"]
[EventDate "2017.??.??"]
[SourceDate "2017.12.30"]

1. e4 c5 2. c3 g6 3. d4 cxd4 4. cxd4 d5 5. exd5 Nf6 6. Nc3 Nxd5 7. Bb5+ Nc6 8.
Nge2 Bg7 9. O-O O-O 10. Bxc6 bxc6 11. Nxd5 cxd5 12. Be3 Rb8 13. Qd2 Qb6 14. b3
Ba6 15. Rfe1 Bxe2 16. Qxe2 e6 17. Qd2 Rfc8 18. Rec1 Qa6 19. g3 Rxc1+ 20. Rxc1
Rc8 21. a4 h5 22. Rc5 Bf8 23. Rxc8 Qxc8 24. Bh6 Be7 25. Qc1 Qxc1+ 26. Bxc1 Kf8
27. Bd2 Ke8 28. b4 a6 29. Kf1 Kd7 30. Ke2 Bd6 31. h4 e5 32. dxe5 Bxe5 33. Kd3
Ke6 34. Bf4 Bf6 35. b5 axb5 36. axb5 Kd7 37. Be3 Kc7 38. Bd4 Be7 39. Kc2 Kb7
40. Kb3 g5 41. hxg5 Bxg5 42. Kb4 Be7+ 43. Ka5 f5 44. b6 f4 45. Kb5 Bd6 46. gxf4
h4 47. f3 h3 48. Bg1 Bxf4 49. Kb4 Be3 50. Bh2 Kxb6 51. f4 Kc6 52. Kc3 Kd6 53.
Kd3 d4 54. Ke4 Ke6 55. f5+ Kf6 56. Be5+ Kf7 57. Kf3 Bg1 58. Bxd4 1/2-1/2

[Event "Olexuv memorial 2017"]
[Site "?"]
[Date "2017.12.30"]
[Round "5.6"]
[White "Neduchal, Jiri"]
[Black "Doskar, Miloslav"]
[Result "1-0"]
[WhiteElo "1771"]
[BlackElo "1637"]
[PlyCount "96"]
[EventDate "2017.??.??"]
[SourceDate "2017.12.30"]

1. d4 d5 2. Nf3 Nf6 3. e3 e6 4. Bd3 c5 5. c3 Be7 6. O-O Nbd7 7. Nbd2 O-O 8. Qe2
c4 9. Bc2 Qc7 10. e4 b5 11. e5 Ne8 12. Re1 g6 13. Nf1 Ng7 14. Bh6 Qd8 15. h3 a5
16. N1h2 Nb6 17. g4 f6 18. exf6 Bxf6 19. Ne5 Bxe5 20. Qxe5 Ra7 21. Bg5 Qc7 22.
Qxc7 Rxc7 23. f4 b4 24. Nf3 Nd7 25. Kg2 Nb8 26. Ne5 Nc6 27. Rf1 Nxe5 28. fxe5
Rcf7 29. Rxf7 Rxf7 30. Bd8 Ra7 31. Bb6 Rf7 32. Bxa5 bxc3 33. bxc3 g5 34. Bb4
Ne8 35. a4 Nc7 36. Rf1 h6 37. Rxf7 Kxf7 38. a5 Nb5 39. Kf2 Ba6 40. Ke1 Bc8 41.
Kd2 Ba6 42. Kc1 Bb7 43. Kb2 Ba6 44. Ba4 Na7 45. Bd7 Nb5 46. Bc5 Nc7 47. Ka3 Ne8
48. Bxe8+ Kxe8 1-0

[Event "Olexuv memorial 2017"]
[Site "?"]
[Date "2017.12.30"]
[Round "6.1"]
[White "Hajek, Oskar"]
[Black "Effenberger, Adam"]
[Result "1-0"]
[WhiteElo "2110"]
[BlackElo "1801"]
[PlyCount "73"]
[EventDate "2017.??.??"]
[SourceDate "2017.12.30"]

1. e4 d6 2. d4 Nf6 3. Nc3 Nbd7 4. Nf3 e5 5. g4 exd4 6. Qxd4 Nxg4 7. Rg1 Nde5 8.
Nxe5 dxe5 9. Qxd8+ Kxd8 10. Be2 h5 11. h3 Nf6 12. Bg5 Ke8 13. O-O-O Bxh3 14.
Bxf6 gxf6 15. Nd5 Bd6 16. Nxf6+ Ke7 17. Nd5+ Kf8 18. Rh1 Be6 19. Bxh5 Bxd5 20.
Rxd5 Ke7 21. Rdd1 Rh6 22. Bg4 Rxh1 23. Rxh1 Rg8 24. f3 Rg7 25. Rh8 a5 26. Kd2
b6 27. Kd3 Kf6 28. Kc4 Ke7 29. c3 f6 30. a4 Rf7 31. b4 axb4 32. cxb4 c5 33. a5
bxa5 34. bxc5 Bc7 35. Rc8 Bd8 36. c6 Ke8 37. Bh5 1-0

[Event "Olexuv memorial 2017"]
[Site "?"]
[Date "2017.12.30"]
[Round "6.2"]
[White "Borovicka, Bohumil"]
[Black "Marsa, Alexandr"]
[Result "1/2-1/2"]
[WhiteElo "1875"]
[BlackElo "1904"]
[PlyCount "49"]
[EventDate "2017.??.??"]
[SourceDate "2017.12.30"]

1. e4 e6 2. Qe2 c5 3. b3 Nc6 4. Nf3 d6 5. Bb2 Nf6 6. g3 Be7 7. Bg2 O-O 8. O-O
Qb6 9. Na3 Re8 10. c3 d5 11. e5 Nd7 12. d4 a5 13. Nb5 a4 14. c4 dxc4 15. bxc4
cxd4 16. Bxd4 Nxd4 17. Nbxd4 Ra5 18. Rab1 Qc5 19. Rb5 Rxb5 20. cxb5 Rd8 21. Rd1
Nb6 22. Bf1 Bd7 23. Rd2 Be8 24. Rc2 Qd5 25. Rd2 1/2-1/2

[Event "Olexuv memorial 2017"]
[Site "?"]
[Date "2017.12.30"]
[Round "6.3"]
[White "Hurta, Miroslav"]
[Black "Snorek, Milan"]
[Result "1/2-1/2"]
[WhiteElo "1832"]
[BlackElo "1999"]
[PlyCount "107"]
[EventDate "2017.??.??"]
[SourceDate "2017.12.30"]

1. e4 c6 2. d4 d5 3. exd5 cxd5 4. Nf3 Nf6 5. Bb5+ Bd7 6. Bxd7+ Qxd7 7. O-O e6
8. Ne5 Qc7 9. Nc3 a6 10. Re1 Bd6 11. h3 Nc6 12. Nxc6 Qxc6 13. Ne2 Rc8 14. c3
O-O 15. Bf4 b5 16. a3 Rc7 17. Bxd6 Qxd6 18. Nc1 Rfc8 19. Nd3 Ne4 20. a4 Qb6 21.
Qe2 Rc4 22. axb5 axb5 23. Ra3 Ra4 24. Rxa4 bxa4 25. Ra1 Ra8 26. Qc2 Qb5 27. f3
Ng3 28. Kf2 Nf5 29. Nc5 Qb8 30. Qe2 h5 31. Rxa4 Rxa4 32. Nxa4 h4 33. Nc5 Ng3
34. Qd2 Qb5 35. Nd3 f6 36. Ke1 Qb3 37. Nc5 Qb5 38. Nd3 Kf7 39. Kd1 g5 40. Kc2
Nf5 41. b3 Qb8 42. f4 gxf4 43. Qxf4 Qg8 44. Qf3 Qg5 45. Nf4 Ke7 46. Kd3 Qg8 47.
Nxd5+ exd5 48. Qxf5 Qxg2 49. Qh7+ Ke6 50. Qxh4 Qf1+ 51. Kc2 Qe2+ 52. Kb1 Qd3+
53. Kb2 Qe2+ 54. Ka3 1/2-1/2

[Event "Olexuv memorial 2017"]
[Site "?"]
[Date "2017.12.30"]
[Round "6.5"]
[White "Zikan, Karel"]
[Black "Hrdlicka, Vladan"]
[Result "1/2-1/2"]
[WhiteElo "1715"]
[BlackElo "1834"]
[PlyCount "92"]
[EventDate "2017.??.??"]
[SourceDate "2017.12.30"]

1. Nf3 d5 2. d4 Nf6 3. c4 c6 4. cxd5 cxd5 5. Nc3 Nc6 6. Bf4 a6 7. e3 Nh5 8. Bg3
Nxg3 9. hxg3 e6 10. Bd3 Qf6 11. Rc1 Bd7 12. a3 b5 13. Qc2 Rc8 14. Rxh7 Rxh7 15.
Bxh7 b4 16. axb4 Nxb4 17. Qb1 g6 18. Ne5 Bd6 19. Nxg6 fxg6 20. Qxg6+ Ke7 21.
Ke2 Bb5+ 22. Kd1 Bc4 23. Qxf6+ Kxf6 24. Kd2 Rh8 25. Bb1 Rh2 26. Rg1 Rh8 27. Na4
a5 28. Rc1 Rb8 29. Nc3 Ke7 30. Rh1 Rf8 31. Rh7+ Rf7 32. Rxf7+ Kxf7 33. Ne2 Kf6
34. Nf4 e5 35. Nd3 exd4 36. exd4 Nc6 37. Ke3 Kg5 38. Nf4 Be7 39. Bd3 Bxd3 40.
Kxd3 Bf6 41. Ne2 Kf5 42. b3 Nb4+ 43. Kc3 Ke4 44. g4 Nc6 45. Ng3+ Kf4 46. Nh5+
Kg5 1/2-1/2

[Event "Olexuv memorial 2017"]
[Site "?"]
[Date "2017.12.30"]
[Round "6.6"]
[White "Micka, Norbert"]
[Black "Neduchal, Jiri"]
[Result "1-0"]
[WhiteElo "1808"]
[BlackElo "1772"]
[PlyCount "79"]
[EventDate "2017.??.??"]
[SourceDate "2017.12.30"]

1. Nf3 Nf6 2. c4 g6 3. Nc3 d5 4. Qa4+ c6 5. cxd5 Nxd5 6. e4 Nxc3 7. dxc3 Bg7 8.
Be2 O-O 9. Be3 b5 10. Qc2 Qc7 11. O-O Nd7 12. a4 bxa4 13. Rxa4 Nb6 14. Ra3 Be6
15. c4 c5 16. Nd2 Rfb8 17. b3 Nd7 18. Nb1 Qb6 19. Bd2 Bd4 20. Kh1 Ne5 21. h3
Nc6 22. Nc3 Nb4 23. Qc1 Rd8 24. Nd5 Bxd5 25. exd5 Qf6 26. Ra4 a5 27. Be3 Rd6
28. Rd1 e5 29. dxe6 Qxe6 30. Bxd4 Rxd4 31. Bf3 Ra7 32. Rxd4 cxd4 33. Qd2 Qe5
34. Ra1 d3 35. Re1 Qc5 36. Re8+ Kg7 37. Qc3+ Kh6 38. Re5 Qxf2 39. Rh5+ gxh5 40.
Qf6# 1-0

[Event "Olexuv memorial 2017"]
[Site "?"]
[Date "2017.12.30"]
[Round "6.7"]
[White "Vavrousek, Petr"]
[Black "Niosztuk, Michal"]
[Result "0-1"]
[WhiteElo "1705"]
[BlackElo "1662"]
[PlyCount "92"]
[EventDate "2017.??.??"]
[SourceDate "2017.12.30"]

1. e4 e5 2. Nf3 Nc6 3. Bb5 Nf6 4. O-O Nxe4 5. Re1 Nd6 6. Bxc6 dxc6 7. Nxe5 Be7
8. d4 O-O 9. c3 Bf5 10. Nd2 Re8 11. Nf1 Bf6 12. Bf4 Bxe5 13. dxe5 Nc4 14. Qb3
b5 15. Ne3 Be6 16. Nxc4 Bxc4 17. Qc2 a5 18. Rad1 Qe7 19. b3 Bd5 20. c4 Be6 21.
Qe4 Ra6 22. Be3 a4 23. f4 g6 24. Qc2 Rea8 25. cxb5 cxb5 26. Bc5 axb3 27. axb3
Ra2 28. Bxe7 Rxc2 29. Re3 c6 30. h4 Bd5 31. Rg3 Raa2 32. Rxd5 cxd5 33. h5 d4
34. hxg6 fxg6 35. f5 d3 36. fxg6 Rxg2+ 37. Rxg2 Rxg2+ 38. Kxg2 d2 39. gxh7+
Kxh7 40. b4 d1=Q 41. Bd6 Kg6 42. Kf2 Kf5 43. Ke3 Qc2 44. Kd4 Qc4+ 45. Ke3 Kg4
46. Kd2 Kf3 0-1